000 00695nam a2200217Ii 4500
003 JO-AjNU
008 230605s9999||||xx |||||||||||||| ||und||
017 _a1975/5005
040 _aJO-AjNU
_bara
_erda
_cJO-AjNU
041 _aara
050 1 4 _aGR66.M872 1981
100 3 _a موسى، احمد علي؛ تصدير يونس، عبد الحميد,
_eauthor
_917356
245 0 0 _aمقدمة في الفولكلور
250 _aط2
264 3 1 _aالفجالة: دار الثقافة، 1981
300 _a289ص
336 _atext
_btxt
_2rdacontent
337 _aunmediated
_bn
_2rdamedia
338 _avolume
_bnc
_2rdacarrier
650 4 _aالفولكلور- الادب الشعبي
_917357
999 _aA5343
_c8911
_d8911